00539nam 22001573 4500001000700000100004100007200003000048210003500078215003300113300009000146305003600236606003300272675002900305801001800334830002900352202029 a20260505d u||y0pory50 ba aEuropália 91 ePortugal a[Bruxelas] cEuropáliad1991 a31 p.cil. ; brochadod30 cm aProgramme: Xle iennale des arts et de la culture Belgique 19 septembre-29 décembre aEdição em Língua Francesa aExposições temporárias a061.4(469)(493)vPTzpor aPTbBMMNgRPC cAna FalardofAna Falardo